000
00195 a2200097 4500
001
52538
100
_a
Driscoll P
245
_a
Heritage
260
_a
London
_b
Granada
_c
090
_c
33025
_d
33025
942
_a
NUST-CAE
_c
M
_c
25587
999
_c
287611
_d
287611